| 000 | 00445nam a2200181Ia 4500 | ||
|---|---|---|---|
| 003 | OSt | ||
| 005 | 20250129103648.0 | ||
| 008 | 230901s2021 xx 000 0 und d | ||
| 040 | _cAACR-II | ||
| 041 | _aeng | ||
| 082 | _a610.7343 | ||
| 100 | _aSARAWAD S.S | ||
| 245 | _aPRACTICAL RECORD CUMULATIVE RECORD BOOK FOR GENERAL NURSING AND MIDWIFERY | ||
| 260 |
_bCBS PUB. _c2021 |
||
| 300 | _a134 | ||
| 650 | _aCommunity | ||
| 942 |
_2ddc _cBK |
||
| 999 |
_c871644 _d871644 |
||